[Event "Sparkassen-Open A"]
[Site "Heusenstamm, Martinsee"]
[Date "2017.11.23"]
[Round "1.80"]
[White "Müdder, Melanie"]
[Black "Köllner, Christof"]
[Result "1-0"]
[WhiteElo "1737"]
[BlackElo "2099"]
[PlyCount "147"]
[EventDate "2017.??.??"]
[WhiteTeam "SG Solingen"]
[BlackTeam "SV Bergneustadt/Derschlag"]

1. e4 d6 2. Nc3 Nf6 3. Bc4 e5 4. f4 Nc6 5. Nf3 Be7 6. O-O O-O 7. f5 Na5 8. Be2
c5 9. Qe1 a6 10. a4 Bd7 11. d3 b5 12. axb5 axb5 13. Qg3 Kh8 14. Qh3 b4 15. Nd1
Ng8 16. Ne3 g5 17. Nd5 f6 18. Ne1 Rf7 19. Bh5 Rg7 20. Bg4 Bf8 21. Nf3 Bc6 22.
Bh5 Be8 23. Bg4 h5 24. Nxg5 fxg5 25. f6 Rh7 26. Bf5 g4 27. Qh4 Bf7 28. Bxh7
Kxh7 29. Ne7 Nh6 30. Nf5 Nxf5 31. Rxf5 Qe8 32. Bd2 Ra7 33. Raf1 Kh8 34. Rxh5+
Bxh5 35. f7 Rxf7 36. Qxh5+ Kg8 37. Qxg4+ Bg7 38. Rxf7 Qxf7 39. Qc8+ Bf8 40.
Qg4+ Kh8 41. Qh4+ Kg8 42. Qg4+ Qg7 43. Qe6+ Kh8 44. Qh3+ Qh7 45. Qc8 Qe7 46.
Qh3+ Kg8 47. Qg4+ Bg7 48. Qc8+ Kf7 49. Qf5+ Bf6 50. Qh7+ Ke8 51. Qg8+ Kd7 52.
Qa8 Qd8 53. Qxd8+ Bxd8 54. Kf2 Nc6 55. c3 b3 56. g4 c4 57. Ke2 Na5 58. d4 Nc6
59. d5 Na7 60. g5 Ke7 61. h4 Kf7 62. h5 Nb5 63. Kf3 Ba5 64. Kg4 Bxc3 65. g6+
Kg7 66. Be3 Nc7 67. Kf5 Ne8 68. h6+ Kg8 69. h7+ Kh8 70. Ke6 Be1 71. Kf7 Bh4 72.
Kxe8 Bf6 73. Kf7 Bg7 74. Bc1 1-0

[Event "Sparkassen-Open A"]
[Site "Heusenstamm, Martinsee"]
[Date "2017.11.23"]
[Round "1.81"]
[White "Rondonuwu, Grover"]
[Black "Rothermel, Tim"]
[Result "1-0"]
[WhiteElo "2098"]
[BlackElo "1756"]
[PlyCount "87"]
[EventDate "2017.??.??"]
[WhiteTeam "Frankfurter TV"]
[BlackTeam "SK Langen"]

1. d4 Nf6 2. Nf3 g6 3. Bf4 Bg7 4. e3 c5 5. c4 cxd4 6. exd4 d5 7. Nc3 Nc6 8. Be2
O-O 9. h3 Nh5 10. Be3 dxc4 11. Bxc4 Qc7 12. Qe2 Nf4 13. Bxf4 Qxf4 14. Qe3 Qd6
15. Rd1 a6 16. O-O b5 17. Ne4 Qc7 18. Be2 e5 19. d5 Nd4 20. Nxd4 exd4 21. Rxd4
f5 22. Nc3 Bxd4 23. Qxd4 Qg7 24. Qb4 Bd7 25. Rd1 a5 26. Qb3 b4 27. Nb5 Rab8 28.
Nd4 Qe5 29. Bf3 Kg7 30. Qc4 Rfc8 31. Qa6 Rc5 32. Nc6 Bxc6 33. Qa7+ Bb7 34. Qxc5
Rc8 35. Qa7 Qb8 36. Qxa5 Ba8 37. Qa4 Qd6 38. Qa7+ Kf6 39. Qd4+ Qe5 40. Qxb4 Rb8
41. Qc3 Rxb2 42. Qxe5+ Kxe5 43. d6 Rb8 44. d7 1-0

[Event "Sparkassen-Open A"]
[Site "Heusenstamm, Martinsee"]
[Date "2017.11.23"]
[Round "1.82"]
[White "Bengsch, Norbert"]
[Black "Karimi, Farhad"]
[Result "0-1"]
[WhiteElo "1799"]
[BlackElo "2097"]
[PlyCount "84"]
[EventDate "2017.??.??"]
[WhiteTeam "SG Donautal Tuttlingen"]
[BlackTeam "Satranç Club"]

1. d4 d5 2. Nf3 Nf6 3. e3 e6 4. Bd3 c5 5. b3 Nc6 6. O-O Qc7 7. a3 Bd6 8. Bb2 e5
9. dxe5 Nxe5 10. Nxe5 Bxe5 11. Bxe5 Qxe5 12. Bb5+ Ke7 13. Nd2 a6 14. Nf3 Qc3
15. Be2 Rd8 16. Qd3 Qxd3 17. cxd3 Bg4 18. h3 Be6 19. Rac1 Rac8 20. Ng5 b5 21.
Rc2 h6 22. Nxe6 fxe6 23. Rfc1 Kd6 24. f4 a5 25. g4 g5 26. Rf1 Rf8 27. Kg2 d4
28. e4 gxf4 29. Rxf4 Nd5 30. exd5 Rxf4 31. dxe6 Rcf8 32. Bd1 Rf1 33. Rd2 Kxe6
34. g5 hxg5 35. Bg4+ Kd6 36. Re2 R8f6 37. Re8 R1f2+ 38. Kg3 Rd2 39. Rd8+ Ke7
40. Ra8 Rxd3+ 41. Kg2 Rxb3 42. Rxa5 d3 0-1

[Event "Sparkassen-Open A"]
[Site "Heusenstamm, Martinsee"]
[Date "2017.11.23"]
[Round "1.83"]
[White "Browning, Alex"]
[Black "Besancon, Pascal"]
[Result "1-0"]
[WhiteElo "2095"]
[BlackElo "1691"]
[PlyCount "65"]
[EventDate "2017.??.??"]
[WhiteTeam "MS Halver-Schalksmühle"]
[BlackTeam "SK Weida"]

1. e4 d6 2. d4 Nf6 3. Nc3 e5 4. Nf3 Nbd7 5. Bc4 Be7 6. O-O c6 7. a4 a5 8. Qe2
Qc7 9. dxe5 Nxe5 10. Nxe5 dxe5 11. h3 O-O 12. Be3 Bd7 13. Kh2 Rad8 14. f4 exf4
15. Bxf4 Qc8 16. e5 Ne8 17. Rae1 Be6 18. Bd3 Bf5 19. Ne4 Nc7 20. Bd2 Bg6 21.
Bxa5 Rd5 22. Bc3 b5 23. b3 b4 24. Bb2 Ne6 25. Bc4 Ra5 26. Nd6 Bxd6 27. exd6 Ng5
28. Qd2 Kh8 29. Qxb4 Qd8 30. Qd2 f6 31. Bc3 Ra7 32. Bb4 Rd7 33. Qf4 1-0

[Event "Sparkassen-Open A"]
[Site "Heusenstamm, Martinsee"]
[Date "2017.11.23"]
[Round "1.84"]
[White "Binner, Peter"]
[Black "Thomas, Ingo"]
[Result "1/2-1/2"]
[WhiteElo "1788"]
[BlackElo "2095"]
[PlyCount "81"]
[EventDate "2017.??.??"]
[WhiteTeam "Vorw.Orient Mainz"]
[BlackTeam "Krefelder SK Turm"]

1. c4 e5 2. Nc3 Bb4 3. g3 Nc6 4. Bg2 Bxc3 5. bxc3 d6 6. d4 Nge7 7. e4 O-O 8.
Nf3 b6 9. O-O Ba6 10. Qa4 Qc8 11. Rd1 f6 12. Be3 Na5 13. Nd2 c5 14. Rac1 Qc6
15. Qxc6 Nexc6 16. d5 Ne7 17. Bf1 f5 18. Bg5 Kf7 19. f3 h6 20. Be3 g5 21. Be2
f4 22. Bf2 h5 23. Kg2 Ng8 24. h3 fxg3 25. Bxg3 h4 26. Bf2 Nf6 27. Rg1 Nh5 28.
Be3 Kf6 29. Bd3 Rg8 30. Kh2 Rg7 31. Rg2 Rag8 32. Rcg1 Ng3 33. Bf2 Nh5 34. Be3
Rg6 35. Be2 Ng3 36. Bd3 Nh5 37. Be2 R8g7 38. Bf1 Ng3 39. Bd3 Rg8 40. Bf2 Nh5
41. Be3 1/2-1/2

[Event "Sparkassen-Open A"]
[Site "Heusenstamm, Martinsee"]
[Date "2017.11.23"]
[Round "1.85"]
[White "Neininger, Ralph"]
[Black "Deutsch, Christoph"]
[Result "1-0"]
[WhiteElo "2069"]
[BlackElo "1788"]
[PlyCount "39"]
[EventDate "2017.??.??"]
[WhiteTeam "Frankfurter TV"]
[BlackTeam "SK Gründau"]

1. d4 d5 2. c4 c6 3. cxd5 cxd5 4. Bg5 Nf6 5. Bxf6 gxf6 6. Nc3 Bf5 7. Qb3 Nc6 8.
e3 Rb8 9. Qxd5 Qxd5 10. Nxd5 Bh6 11. Be2 O-O 12. Bf3 Rbc8 13. Ne2 Rfd8 14. O-O
Kg7 15. Rac1 Bd3 16. Ndc3 b6 17. Rfd1 Bg6 18. Nb5 Nb4 19. Nxa7 Rxc1 20. Nxc1
1-0

[Event "Sparkassen-Open A"]
[Site "Heusenstamm, Martinsee"]
[Date "2017.11.23"]
[Round "1.86"]
[White "Weiland, Thomas"]
[Black "Calvi, Stefan"]
[Result "1/2-1/2"]
[WhiteElo "1787"]
[BlackElo "2092"]
[PlyCount "58"]
[EventDate "2017.??.??"]
[WhiteTeam "SV Oberursel"]
[BlackTeam "SF Frankfurt"]

1. e4 c5 2. c3 d5 3. exd5 Qxd5 4. d4 Nf6 5. Nf3 Bg4 6. Be2 e6 7. O-O Be7 8. Be3
cxd4 9. Nxd4 Bxe2 10. Qxe2 O-O 11. Nd2 a6 12. N2b3 Qd6 13. Rad1 Nd5 14. Bc1 Qc7
15. Nxe6 Nxc3 16. Nxc7 Nxe2+ 17. Kh1 Nxc1 18. Rxc1 Ra7 19. Nd5 b5 20. Nxe7+
Rxe7 21. Rfe1 Rxe1+ 22. Rxe1 Nc6 23. a3 g6 24. g3 Rd8 25. Kg2 a5 26. Rc1 Rd6
27. Rc5 a4 28. Nc1 Nd4 29. Rc8+ Kg7 1/2-1/2

[Event "Sparkassen-Open A"]
[Site "Heusenstamm, Martinsee"]
[Date "2017.11.23"]
[Round "1.87"]
[White "Kuznetsov, Volodymyr"]
[Black "Spelleken, Hans-Gerd"]
[Result "1-0"]
[WhiteElo "2088"]
[BlackElo "1784"]
[PlyCount "53"]
[EventDate "2017.??.??"]
[WhiteTeam "SG Idstein"]
[BlackTeam "SF Dettingen"]

1. d4 Nf6 2. c4 b6 3. Nc3 Bb7 4. f3 d6 5. e4 Nbd7 6. Be3 e5 7. Nge2 Be7 8. d5
a5 9. Qd2 Nf8 10. Ng3 Bc8 11. Bd3 Ng6 12. Nf5 O-O 13. O-O-O Nh5 14. g3 Re8 15.
Rdg1 a4 16. Kb1 Bd7 17. h4 Ra5 18. Bf1 c6 19. Nxe7+ Rxe7 20. g4 Nhf4 21. h5
cxd5 22. hxg6 d4 23. Bxf4 dxc3 24. Qh2 h6 25. Bxh6 fxg6 26. Bg5 Qf8 27. Qh8+
1-0

[Event "Sparkassen-Open A"]
[Site "Heusenstamm, Martinsee"]
[Date "2017.11.23"]
[Round "1.88"]
[White "Haller, Luis"]
[Black "Konik, Michael"]
[Result "0-1"]
[WhiteElo "1711"]
[BlackElo "2085"]
[PlyCount "80"]
[EventDate "2017.??.??"]
[WhiteTeam "SF Konz-Karthaus"]
[BlackTeam "SK Mainaschaff"]

1. e4 d5 2. exd5 Qxd5 3. Nc3 Qa5 4. d4 Nf6 5. Nf3 c6 6. Bc4 Bf5 7. Qe2 e6 8.
Bd2 Bb4 9. a3 Nbd7 10. O-O-O Bxc3 11. Bxc3 Qc7 12. h3 O-O 13. g4 Be4 14. Rhg1
Bxf3 15. Qxf3 Nd5 16. Bd2 b5 17. Bd3 a5 18. g5 b4 19. Qe4 g6 20. a4 c5 21. b3
cxd4 22. Qxd4 Ne5 23. Rg3 Rfd8 24. Qb2 Rac8 25. h4 Nc3 26. Bxc3 bxc3 27. Qa3
Nc6 28. Kb1 Nb4 29. Qc1 Qc5 30. Qe3 Nxd3 31. Rxd3 Rxd3 32. Qxd3 Qa3 33. Qxc3
Rxc3 34. Rxc3 Qb4 35. Rc4 Qe1+ 36. Kb2 Qxf2 37. Rc8+ Kg7 38. Ra8 Qd4+ 39. Ka2
e5 40. Rxa5 e4 0-1

[Event "Sparkassen-Open A"]
[Site "Heusenstamm, Martinsee"]
[Date "2017.11.23"]
[Round "1.89"]
[White "Medvedovski, Michael"]
[Black "Nickel, Jonas"]
[Result "0-1"]
[WhiteElo "2048"]
[BlackElo "1776"]
[PlyCount "32"]
[EventDate "2017.??.??"]
[WhiteTeam "Frankfurter TV"]
[BlackTeam "SG Wächtersbach"]

1. e4 c5 2. Nf3 e6 3. Nc3 Nc6 4. d4 cxd4 5. Nxd4 Bc5 6. Nb3 Bb4 7. Bd3 Nge7 8.
O-O O-O 9. f4 d5 10. e5 a6 11. a3 Bxc3 12. bxc3 f6 13. exf6 Rxf6 14. Bb2 Nf5
15. Qe2 Qb6+ 16. Kh1 Ng3+ 0-1

[Event "Sparkassen-Open A"]
[Site "Heusenstamm, Martinsee"]
[Date "2017.11.23"]
[Round "1.90"]
[White "Wenzel, Calvin"]
[Black "Cichy, Michael"]
[Result "0-1"]
[WhiteElo "1629"]
[BlackElo "2078"]
[PlyCount "86"]
[EventDate "2017.??.??"]
[WhiteTeam "SK Gernsheim"]
[BlackTeam "SC BS Gliesmarode"]

1. e4 c5 2. Nf3 e6 3. d4 cxd4 4. Nxd4 Nc6 5. Be3 Nf6 6. Bd3 Qc7 7. O-O a6 8.
Nc3 Bd6 9. Nxc6 bxc6 10. f4 e5 11. g3 h5 12. fxe5 Bxe5 13. Bf4 d6 14. Bc4 Bh3
15. Re1 h4 16. Qf3 Bg4 17. Qf2 hxg3 18. Bxg3 Rh7 19. Bxe5 dxe5 20. Qc5 Nd7 21.
Qf2 O-O-O 22. Bxa6+ Kb8 23. Be2 Be6 24. a4 Rdh8 25. a5 Qd8 26. b4 Rxh2 27. Qxh2
Rxh2 28. Kxh2 Qh4+ 29. Kg1 Qg3+ 30. Kh1 Qxc3 31. b5 cxb5 32. Bxb5 Qh3+ 33. Kg1
Qg3+ 34. Kh1 Bg4 35. Be2 Nf6 36. Reb1+ Ka8 37. Rb3 Qh4+ 38. Kg2 Bxe2 39. a6
Qxe4+ 40. Kg3 Nh5+ 41. Kh2 Qh4+ 42. Rh3 Qf2+ 43. Kh1 Bf3+ 0-1

[Event "Sparkassen-Open A"]
[Site "Heusenstamm, Martinsee"]
[Date "2017.11.23"]
[Round "1.91"]
[White "Schnelting, Michael"]
[Black "Degenhardt, Andreas"]
[Result "1-0"]
[WhiteElo "2075"]
[BlackElo "1775"]
[PlyCount "63"]
[EventDate "2017.??.??"]
[WhiteTeam "SK Werne"]
[BlackTeam "SC Lorsch"]

1. g3 d5 2. Nf3 Nf6 3. Bg2 Nbd7 4. c4 dxc4 5. Na3 c6 6. Nxc4 e6 7. O-O Be7 8.
d4 O-O 9. Qc2 c5 10. dxc5 Bxc5 11. a3 Qe7 12. b4 Bb6 13. Bb2 Bc7 14. Rfd1 Ne8
15. Nd4 Nd6 16. Nxd6 Bxd6 17. Rac1 a6 18. Nb3 Rd8 19. Na5 Rb8 20. Qd2 Nf8 21.
Qe3 Rd7 22. Qb6 Qd8 23. Qxd8 Rxd8 24. Be5 Bxe5 25. Rxd8 Bd7 26. Rxb8 Bxb8 27.
Bxb7 Bb5 28. e3 g6 29. Nc6 Bd6 30. Nd4 Be5 31. Bc6 Bxd4 32. exd4 1-0

[Event "Sparkassen-Open A"]
[Site "Heusenstamm, Martinsee"]
[Date "2017.11.23"]
[Round "1.92"]
[White "Bayer, Martin"]
[Black "Hess, Steffen"]
[Result "1/2-1/2"]
[WhiteElo "1760"]
[BlackElo "2027"]
[PlyCount "80"]
[EventDate "2017.??.??"]
[WhiteTeam "SK Gründau"]
[BlackTeam "SC Groß-Zimmern"]

1. e4 e6 2. d4 d5 3. exd5 exd5 4. Bd3 Nc6 5. c3 Bd6 6. Nf3 Nge7 7. O-O Bg4 8.
Nbd2 Qd7 9. Re1 O-O-O 10. b4 Rdg8 11. a4 f6 12. b5 Nd8 13. Qb3 h5 14. Ba3 Bxa3
15. Qxa3 Re8 16. a5 Ne6 17. c4 dxc4 18. Bxc4 Nf5 19. b6 a6 20. bxc7 Nexd4 21.
Nxd4 Nxd4 22. Qc3 Be2 23. Rab1 Re5 24. Nb3 Bxc4 25. Qxc4 Rxe1+ 26. Rxe1 Nxb3
27. Qxb3 Qxc7 28. Qb4 Rd8 29. g3 Qc6 30. h4 g5 31. hxg5 fxg5 32. Qe7 g4 33. Qe3
Qd5 34. Qc3+ Kb8 35. Re5 Qd1+ 36. Kg2 Qa4 37. Rxh5 Qe4+ 38. Kh2 Rf8 39. Kg1
Qb1+ 40. Kg2 Qe4+ 1/2-1/2

[Event "Sparkassen-Open A"]
[Site "Heusenstamm, Martinsee"]
[Date "2017.11.23"]
[Round "1.93"]
[White "Held, Carsten"]
[Black "Boder, Jan"]
[Result "1-0"]
[WhiteElo "2070"]
[BlackElo "1756"]
[PlyCount "87"]
[EventDate "2017.??.??"]
[WhiteTeam "SC Ladja Roßdorf"]
[BlackTeam "SG Mörsdorf-Lahr"]

1. Nf3 Nf6 2. c4 c5 3. g3 b6 4. Bg2 Bb7 5. O-O g6 6. Nc3 Bg7 7. d4 cxd4 8. Qxd4
O-O 9. Qh4 d6 10. Rd1 Qc8 11. Bg5 Re8 12. Rac1 Na6 13. Nb5 Nc5 14. Bh3 Qc6 15.
Bg2 a6 16. Nc3 Qc7 17. Ne1 Rad8 18. b4 Ne6 19. Nd5 Qb8 20. Nxf6+ exf6 21. Bxf6
Bxf6 22. Qxf6 Nc7 23. Rd2 Re6 24. Qf4 Rde8 25. e3 Rd8 26. Rcd1 Ne8 27. Rd4 Kg7
28. h4 Rf6 29. Qg4 h5 30. Qe2 Re6 31. Bh3 Rf6 32. Qb2 Qc7 33. Bg2 Bxg2 34. Nxg2
Rc8 35. Nf4 Qb7 36. Nd5 Qd7 37. Nxf6 Nxf6 38. Rxd6 Qf5 39. R1d4 Qe5 40. Qc2 b5
41. c5 Ng4 42. Qe4 Qf6 43. Rxf6 Nxf6 44. Qb1 1-0

[Event "Sparkassen-Open A"]
[Site "Heusenstamm, Martinsee"]
[Date "2017.11.23"]
[Round "1.94"]
[White "Deuer, Marius"]
[Black "Sandten, Ulrich"]
[Result "0-1"]
[WhiteElo "1754"]
[BlackElo "2068"]
[PlyCount "78"]
[EventDate "2017.??.??"]
[WhiteTeam "SC Weiße Dame Ulm"]
[BlackTeam "VSG Offenbach"]

1. e4 d6 2. d4 Nf6 3. Nc3 e5 4. Nf3 exd4 5. Nxd4 Be7 6. Bc4 O-O 7. O-O Re8 8.
Bf4 Nbd7 9. Qe2 Ne5 10. Bb5 c6 11. Bxe5 cxb5 12. Bg3 b4 13. Nd5 Nxd5 14. exd5
Bd7 15. Qd3 Qb6 16. c4 bxc3 17. bxc3 Qa5 18. c4 Rac8 19. Rfb1 Qa6 20. Rb4 Rc5
21. Nb3 Rc7 22. h3 Bf6 23. Rd1 Be5 24. Bxe5 Rxe5 25. Qc3 b6 26. Nc1 b5 27. cxb5
Qb6 28. Qb3 Bf5 29. Nd3 Re2 30. Rf4 g6 31. Kf1 Rcc2 32. Nc5 Qxc5 33. Qg3 Bd7
34. Qh4 Bxb5 35. Kg1 Qc7 36. Qf6 Qe7 37. Qd4 Re1+ 38. Rxe1 Qxe1+ 39. Kh2 Qe5
0-1

[Event "Sparkassen-Open A"]
[Site "Heusenstamm, Martinsee"]
[Date "2017.11.23"]
[Round "1.95"]
[White "Müdder, Rafael"]
[Black "Meyer, Marcel"]
[Result "1-0"]
[WhiteElo "2067"]
[BlackElo "1751"]
[PlyCount "69"]
[EventDate "2017.??.??"]
[WhiteTeam "SG Solingen"]
[BlackTeam "SC Herborn"]

1. e4 c6 2. Nf3 d5 3. exd5 cxd5 4. Ne5 Nc6 5. d4 Nf6 6. c3 e6 7. Bd3 Bd6 8. Qe2
O-O 9. Bg5 Be7 10. h4 a6 11. Nd2 Nxe5 12. dxe5 Nd7 13. Bf4 Nc5 14. Bc2 Bd7 15.
a4 b5 16. Qg4 f5 17. exf6 Bxf6 18. Bd6 Be7 19. Be5 Bf6 20. f4 Bxe5 21. fxe5
Nxa4 22. O-O-O Nb6 23. Nf3 Nc4 24. Qh5 h6 25. Qg6 Rf7 26. Qh7+ Kf8 27. Bg6 Ke7
28. Bxf7 Kxf7 29. Rhf1 Qg8 30. Ng5+ Ke7 31. Rf7+ Qxf7 32. Nxf7 Ne3 33. Nd6 Nxd1
34. Qxg7+ Kd8 35. Qf8+ 1-0

[Event "Sparkassen-Open A"]
[Site "Heusenstamm, Martinsee"]
[Date "2017.11.23"]
[Round "1.96"]
[White "Hagner, Bennet"]
[Black "Eichner, Christian"]
[Result "1-0"]
[WhiteElo "1715"]
[BlackElo "2064"]
[PlyCount "99"]
[EventDate "2017.??.??"]
[WhiteTeam "Frankfurter TV"]
[BlackTeam "SV TuR Dresden"]

1. e4 e5 2. Nf3 Nc6 3. d4 exd4 4. Bc4 Nf6 5. O-O Nxe4 6. Re1 d5 7. Bxd5 Qxd5 8.
Nc3 Qh5 9. Nxe4 Be6 10. Nxd4 Qxd1 11. Rxd1 Bg4 12. Re1 O-O-O 13. Nxc6 bxc6 14.
Bg5 Rd5 15. c4 Rd4 16. f3 Be6 17. Rad1 Bb4 18. Rxd4 Bxe1 19. Kf1 Bb4 20. c5 f5
21. Rxb4 fxe4 22. Rxe4 Kd7 23. b3 h6 24. Bf4 Re8 25. Ra4 Ra8 26. Rb4 Kc8 27.
Kf2 Rb8 28. Rxb8+ Kxb8 29. Ke3 a5 30. Kd4 Kc8 31. Be5 g6 32. Bg7 h5 33. Ke5 Bf5
34. Kf6 Bb1 35. a3 Bc2 36. b4 axb4 37. axb4 Kd7 38. g4 Bd1 39. Kxg6 hxg4 40.
fxg4 Bxg4 41. h4 Ke6 42. h5 Be2 43. Bc3 Kd5 44. h6 Kc4 45. Be1 Bd3+ 46. Kg7 Be4
47. h7 Bxh7 48. Kxh7 Kd3 49. Kg6 Ke2 50. Bg3 1-0

[Event "Sparkassen-Open A"]
[Site "Heusenstamm, Martinsee"]
[Date "2017.11.23"]
[Round "1.97"]
[White "Petiko, Nikolai"]
[Black "Reichel, Günther"]
[Result "1-0"]
[WhiteElo "2064"]
[BlackElo "1740"]
[PlyCount "44"]
[EventDate "2017.??.??"]
[WhiteTeam "SV Breitenworbis"]
[BlackTeam "SC-SF Stockstadt"]

1. d4 e6 2. Nf3 f5 3. Bf4 Nf6 4. e3 d5 5. Bd3 Bd6 6. Nbd2 Bxf4 7. exf4 Nc6 8.
c3 O-O 9. Qe2 Qd6 10. Ne5 Bd7 11. f3 a6 12. Nb3 Nd8 13. Nc5 Bc8 14. O-O Nd7 15.
b4 Nxc5 16. bxc5 Qe7 17. Rab1 Qh4 18. g3 Qe7 19. Rfe1 Nf7 20. c4 Nxe5 21. Qxe5
c6 22. cxd5 cxd5 1-0

[Event "Sparkassen-Open A"]
[Site "Heusenstamm, Martinsee"]
[Date "2017.11.23"]
[Round "1.98"]
[White "Bitzer, André"]
[Black "Reinhard, Stefan"]
[Result "0-1"]
[WhiteElo "1719"]
[BlackElo "2064"]
[PlyCount "40"]
[EventDate "2017.??.??"]
[WhiteTeam "SV Griesheim"]
[BlackTeam "SF Dettingen"]

1. b3 d5 2. Bb2 c5 3. e3 Nc6 4. Bb5 Bd7 5. f4 e6 6. Nf3 Nge7 7. d3 Nf5 8. Qd2
d4 9. exd4 cxd4 10. c3 Bc5 11. c4 Bb4 12. Nc3 dxc3 13. Bxc3 Bxc3 14. Qxc3 Qf6
15. Qc1 a6 16. Bxc6 Bxc6 17. O-O Bxf3 18. Rxf3 Nd4 19. Rf2 O-O 20. Qe3 Nc2 0-1

[Event "Sparkassen-Open A"]
[Site "Heusenstamm, Martinsee"]
[Date "2017.11.23"]
[Round "1.99"]
[White "Weiss, Matthias"]
[Black "Kammerer, Utz"]
[Result "1-0"]
[WhiteElo "2063"]
[BlackElo "1719"]
[PlyCount "33"]
[EventDate "2017.??.??"]
[WhiteTeam "SF Schöneck"]
[BlackTeam "Heilbronner SV"]

1. e4 e6 2. d4 d5 3. Nc3 dxe4 4. Nxe4 b6 5. Nf3 Bb7 6. Bd3 Be7 7. O-O Nf6 8.
Qe2 O-O 9. Re1 Nbd7 10. Bf4 Nxe4 11. Bxe4 Bxe4 12. Qxe4 Nf6 13. Qe2 Bd6 14. Ne5
c5 15. Rad1 Qc7 16. dxc5 Bxc5 17. Ng6 1-0

[Event "Sparkassen-Open A"]
[Site "Heusenstamm, Martinsee"]
[Date "2017.11.23"]
[Round "1.100"]
[White "Niedenthal, Robert"]
[Black "Schlößner, Henrik"]
[Result "0-1"]
[WhiteElo "1717"]
[BlackElo "2059"]
[PlyCount "92"]
[EventDate "2017.??.??"]
[WhiteTeam "SV Hofheim"]
[BlackTeam "SK Gründau"]

1. c4 e5 2. Nc3 d6 3. e4 Nc6 4. g3 g6 5. Bg2 Bg7 6. Nge2 Nf6 7. d3 O-O 8. O-O
h6 9. h3 Nd4 10. f4 c6 11. Kh2 Nh7 12. Rb1 f5 13. Bd2 Be6 14. b4 Qd7 15. b5 Nf6
16. Qc1 Kh7 17. Nxd4 exd4 18. Ne2 c5 19. Ng1 fxe4 20. dxe4 Rab8 21. Qc2 Qf7 22.
f5 gxf5 23. Rbc1 fxe4 24. Bxe4+ Kh8 25. Bg6 Qd7 26. Rce1 d5 27. Qc1 Ng8 28. Bf4
Rbc8 29. cxd5 Bxd5 30. a4 c4 31. Bh5 Be6 32. Bg6 d3 33. Qd2 Bf5 34. Bxf5 Rxf5
35. Rd1 Rd5 36. Nf3 c3 37. Qc1 Re8 38. Nh4 Re2+ 39. Ng2 Rc2 40. Qb1 Rxg2+ 41.
Kxg2 c2 42. Qc1 cxd1=N 43. Qxd1 Rc5 44. Rf3 Rc2+ 45. Bd2 Qd5 46. Kh2 Rxd2+ 0-1

[Event "Sparkassen-Open A"]
[Site "Heusenstamm, Martinsee"]
[Date "2017.11.23"]
[Round "1.101"]
[White "Von Auer, Ulrich"]
[Black "Riemann, Jonas"]
[Result "1-0"]
[WhiteElo "2055"]
[BlackElo "1717"]
[PlyCount "117"]
[EventDate "2017.??.??"]
[WhiteTeam "SF Frankfurt"]
[BlackTeam "SK Bickenbach"]

1. Nf3 e6 2. g3 Nf6 3. Bg2 d5 4. O-O Bd6 5. d4 O-O 6. c4 c6 7. Qc2 Nbd7 8. Rd1
Ne4 9. Nfd2 Nxd2 10. Nxd2 Nf6 11. e4 dxe4 12. Nxe4 Nxe4 13. Qxe4 Bd7 14. Bf4
Bxf4 15. Qxf4 Qb6 16. Rd2 Rad8 17. Rad1 h6 18. b3 Bc8 19. h4 Qa5 20. Bf3 Bd7
21. Kg2 Bc8 22. Be4 Qb6 23. g4 Rfe8 24. g5 e5 25. dxe5 Rxd2 26. Rxd2 h5 27. Bf5
Qc7 28. Rd6 Qe7 29. Bxc8 Rxc8 30. Qf5 Rd8 31. c5 g6 32. Qf6 Re8 33. Qxe7 Rxe7
34. Rd8+ Kg7 35. f4 Rc7 36. Kf3 b6 37. b4 bxc5 38. bxc5 Rb7 39. Rc8 Rb2 40. Rc7
Kf8 41. Rxa7 Rb5 42. a4 Rxc5 43. a5 Rc3+ 44. Ke4 Ra3 45. e6 fxe6 46. Ke5 Rd3
47. Kf6 Ke8 48. a6 Kd8 49. Rg7 Ra3 50. a7 Kc8 51. a8=Q+ Rxa8 52. Rg8+ Kb7 53.
Rxa8 Kxa8 54. Kxg6 c5 55. Kxh5 c4 56. g6 c3 57. g7 c2 58. g8=Q+ Kb7 59. Qg2+
1-0

[Event "Sparkassen-Open A"]
[Site "Heusenstamm, Martinsee"]
[Date "2017.11.23"]
[Round "1.102"]
[White "Heun, Andreas"]
[Black "Pauls, Wilhelm"]
[Result "1/2-1/2"]
[WhiteElo "1713"]
[BlackElo "2054"]
[Annotator "Schloessner,Henrik"]
[PlyCount "91"]
[EventDate "2017.??.??"]
[WhiteTeam "SC Ladja Roßdorf"]
[BlackTeam "SG Kaarst"]

1. e4 c5 2. Nc3 Nc6 3. Bb5 g6 4. Bxc6 bxc6 5. f4 Bg7 6. Nf3 Nh6 7. d3 f5 8. e5
d6 9. Be3 Rb8 10. b3 O-O 11. Qe2 Nf7 12. Bd2 Qc7 13. exd6 exd6 14. O-O-O Bd7
15. h4 Rfe8 16. Qf2 Qa5 17. d4 Qa3+ 18. Kb1 c4 19. Bc1 Qa5 20. Qd2 Nh6 21. Bb2
cxb3 22. axb3 Ng4 23. Rhe1 Nf6 24. Rxe8+ Rxe8 25. d5 c5 26. Re1 Rxe1+ 27. Qxe1
Ne4 28. Nxe4 Qxe1+ 29. Nxe1 fxe4 30. Bxg7 Kxg7 31. Kc1 Kh6 32. Kd2 Kh5 33. Ke3
Bf5 34. g3 Kg4 35. Kf2 e3+ 36. Kxe3 Kxg3 37. c3 Kxh4 38. Nf3+ Kg3 39. Ng5 h5
40. Nf7 h4 41. Nxd6 Bc2 42. Kd2 Bxb3 43. Ne4+ Kxf4 44. d6 Be6 45. Nxc5 Kf5 46.
Ke3 {Rest nicht nachvollziehbar!} 1/2-1/2

[Event "Sparkassen-Open A"]
[Site "Heusenstamm, Martinsee"]
[Date "2017.11.23"]
[Round "1.103"]
[White "Mischke, Gabriel"]
[Black "Schmitt, Clemens"]
[Result "1-0"]
[WhiteElo "2049"]
[BlackElo "1713"]
[PlyCount "73"]
[EventDate "2017.??.??"]
[WhiteTeam "TSV Schott Mainz"]
[BlackTeam "SV Bergwinkel"]

1. e4 c5 2. c3 Nf6 3. e5 Nd5 4. d4 cxd4 5. cxd4 d6 6. Bc4 dxe5 7. dxe5 e6 8.
Nf3 Be7 9. O-O Nb6 10. Bd3 Bd7 11. Qe2 Nc6 12. Nc3 Nb4 13. Bb1 Bc6 14. Rd1 N4d5
15. Ne4 h6 16. Ng3 Qc7 17. Nd4 Bd7 18. Bd3 Ba4 19. Bb5+ Bxb5 20. Nxb5 Qb8 21.
f4 a6 22. Nd4 Nd7 23. Ndf5 Bc5+ 24. Kh1 g6 25. Rxd5 gxf5 26. Rd3 Nb6 27. Nh5
Be7 28. Be3 Nd5 29. Rxd5 exd5 30. Ng7+ Kf8 31. Nxf5 Qc8 32. Nd4 Qc4 33. Qg4 Qd3
34. Nf5 Rg8 35. Qh3 Rc8 36. Nxe7 Kxe7 37. Bc5+ 1-0

[Event "Sparkassen-Open A"]
[Site "Heusenstamm, Martinsee"]
[Date "2017.11.23"]
[Round "1.104"]
[White "Völler, Lothar"]
[Black "Lesny, Florian"]
[Result "0-1"]
[WhiteElo "1708"]
[BlackElo "2041"]
[PlyCount "84"]
[EventDate "2017.??.??"]
[WhiteTeam "FS Dortmund"]
[BlackTeam "SK Niederbrechen"]

1. d4 d5 2. Bf4 Nf6 3. e3 e6 4. c3 c5 5. Nf3 Nc6 6. Bd3 Bd6 7. Bg3 O-O 8. Nbd2
b6 9. O-O Bb7 10. Ne5 Ne7 11. Rc1 Nf5 12. Re1 Nxg3 13. hxg3 Nd7 14. f4 Nxe5 15.
fxe5 Be7 16. Nf3 f5 17. exf6 Bxf6 18. Qc2 h6 19. Bg6 Qc7 20. Nh4 Bxh4 21. gxh4
Qg3 22. h5 Rf6 23. Qe2 Ba6 24. Bd3 Bxd3 25. Qxd3 Rf2 26. Qf1 Rxf1+ 27. Rxf1
Qxe3+ 28. Kh1 Rf8 29. Rfe1 Qd2 30. Rcd1 Qc2 31. dxc5 bxc5 32. b4 Qxc3 33. bxc5
Qxc5 34. Rxe6 d4 35. Rd3 Qxh5+ 36. Rh3 Rf1+ 37. Kh2 Qd1 38. Rb3 d3 39. Re5 d2
40. Rb8+ Kh7 41. Rb7 Rh1+ 42. Kg3 Qe1+ 0-1

[Event "Sparkassen-Open A"]
[Site "Heusenstamm, Martinsee"]
[Date "2017.11.23"]
[Round "1.105"]
[White "Schulze, Lara"]
[Black "Traut, Stefan"]
[Result "1-0"]
[WhiteElo "1988"]
[BlackElo "1695"]
[PlyCount "91"]
[EventDate "2017.??.??"]
[WhiteTeam "SK Lehrte"]
[BlackTeam "SF Heusenstamm"]

1. e4 d5 2. exd5 Qxd5 3. Nc3 Qa5 4. Bc4 Nf6 5. d3 c6 6. Bd2 Qc7 7. Qe2 Bf5 8.
Nf3 e6 9. a4 Nbd7 10. h3 h6 11. O-O Be7 12. Rfe1 O-O 13. Nd4 Rfe8 14. Nxf5 exf5
15. Qf3 Ne5 16. Qxf5 Nxc4 17. dxc4 Rad8 18. Bf4 Qd7 19. Qxd7 Rxd7 20. Rad1 Red8
21. Rxe7 Rxd1+ 22. Nxd1 Rxd1+ 23. Kh2 Rd7 24. Rxd7 Nxd7 25. Kg3 Kf8 26. Bd6+
Ke8 27. Kf4 g6 28. g4 Nb6 29. b3 Nd7 30. h4 a6 31. Ke3 Nf6 32. f3 Kd7 33. Bf8
h5 34. Kf4 Ke6 35. Bb4 hxg4 36. fxg4 Ne8 37. h5 gxh5 38. gxh5 f6 39. h6 Kf7 40.
Kf5 Nc7 41. Bd6 Ne8 42. Bf4 b5 43. axb5 axb5 44. cxb5 cxb5 45. b4 Kg8 46. Kg6
1-0